| 000 | 00530nam a2200133Ia 4500 | ||
|---|---|---|---|
| 008 | 160809s9999 xx 000 0 und d | ||
| 100 | _aMabrouk, Abir. | ||
| 245 | 4 | _aThe Impact of Financial Innovation on Interest Rate Spread in the Tunisian Banking Industry | |
| 245 | _cAbir Mabrouk. | ||
| 260 | _bInternational Research Journal of Applied Finance | ||
| 260 | _cJune 2016 | ||
| 650 | _xFINANCE | ||
| 856 | _uhttps://nebula.wsimg.com/f75b9d8512f7cff6298c057e6233ad6f?AccessKeyId=A83663472B839ECDD54B&disposition=0&alloworigin=1 | ||
| 999 |
_c300018 _d300018 |
||